000 00893cam a2200277 a 4500
001 000014839
005 20240528102200.0
008 780308s1976 sp b 000 0 spa
015 _aSp77-May
020 _a843250324X
_c150ptas
040 _aDO-SdBNP
_cDLC
_dDLC
043 _ae-sp---
082 _a320.1
_bF363e
100 1 _aFernández de la Mora, Gonzalo.
_d1924-2002
_913656
245 1 3 _aEl estado de obras /
_cGonzalo Fernández de la Mora.
260 _aMadrid :
_bDoncel,
_c1976.
300 _a412 p. ;
_c18 cm.
490 1 _aEl Libro de bolsillo Doncel
_v100
504 _aIncluye bibliografía del autor(p. [409] -412).
650 0 _aEstado
_9726
650 4 _aCiencia política
_zEspaña
_xHistoria
_927028
651 4 _aEspaña
_xPolítica Y Gobierno
_93501
830 0 _aEl Libro de bolsillo Doncel ;
_v100
_98628
910 _aCatalogación por copia / LC
049 _aBNGR
999 _c14419
_d14419